| 000 | 00527nam a2200181Ia 4500 | ||
|---|---|---|---|
| 008 | 100917s9999 xx 000 0 und d | ||
| 082 | _b34764 | ||
| 100 | _aभोळे भास्कर लक्ष्मण | ||
| 245 | _aराजकिय भारत | ||
| 260 |
_bअमेय प्रकाशन _c1978 |
||
| 300 | _a178 | ||
| 365 | _b25 | ||
| 520 | _aनिबंध | ||
| 630 | _aराजकिय भारत | ||
| 650 | _aनिबंध | ||
| 730 | _aराजकिय भारत | ||
| 942 | _cBOOK | ||
| 999 |
_c640158 _d640155 |
||